| 000 | 00591nam a2200205Ia 4500 | ||
|---|---|---|---|
| 003 | GCL | ||
| 008 | 140319s9999 xx 000 0 eng d | ||
| 040 |
_aGCL / _cGCL |
||
| 082 | 0 | 4 |
_a660.6 _bV I |
| 100 | 1 | _aMCLEAN, ROLERT | |
| 245 | 1 | 0 |
_aIMMOLILZED BIOSYSTEMS: THEORY AND PRACTICAL APPLICATIEMS / _cMCLEAN, ROLERT |
| 700 | 1 | _aVELIKY, IVAN A. | |
| 260 |
_a[S.N] : _bBLACKIE ACADEMIC & PROFESSIONAL ، _c1994 |
||
| 300 | _a342 | ||
| 650 | 0 | 4 | _aIMMUNIZED MICROORGANISMS |
| 650 | 0 | 4 | _aHMMOBILIED CELLS |
| 650 | 0 | 4 | _aIMMOLLIZED PROTTIONS |
| 650 | 0 | 4 | _aIMMOBBZED ENZYMES |
| 942 |
_2ddc _cBK |
||
| 999 |
_c22243 _d22243 |
||